| 000 | 01202cam a22003735i 4500 | ||
|---|---|---|---|
| 001 | 17215557 | ||
| 003 | EG-ScBUE | ||
| 005 | 20221221105220.0 | ||
| 008 | 120319s2006 cc a f 000 0 eng d | ||
| 020 | _a9787119045214 | ||
| 020 | _a7119045210 | ||
| 040 |
_aZQP _beng _erda _cZQP _dBTCTA _dSUC _dNDD _dYDXCP _dDLC _dEG-ScBUE |
||
| 041 | 1 |
_aeng _hchi |
|
| 043 | _aa-cc--- | ||
| 082 | 0 | 4 |
_222 _a739.220951 _bZHO |
| 100 | 1 |
_aXiang, Zhonghua, _eauthor. |
|
| 240 | 1 | 0 |
_aJin zi de li shi. _lEnglish |
| 245 | 1 | 4 |
_aThe story of gold / _cby Xiang Zhonghua. |
| 250 | _aFirst edition. | ||
| 264 | 1 |
_aBeijing : _bForeign Languages Press, _c2006. |
|
| 300 |
_aiv, 134 pages : _billustrations ; _c23 cm. |
||
| 336 |
_2rdacontent _atext _btxt |
||
| 337 |
_2rdamedia _aunmediated _bn |
||
| 338 |
_2rdacarrier _avolume _bnc |
||
| 490 | 0 | _aLooking east | |
| 546 | _aText in English ; translated from the original Chinese. . | ||
| 650 | 7 |
_aGoldwork _zChina _xHistory. _2BUEsh |
|
| 651 | _2BUEsh | ||
| 653 |
_bGGEN _cFebruary2018 |
||
| 906 |
_a7 _bcbc _ccopycat _d3 _encip _f20 _gy-gencatlg |
||
| 942 |
_2ddc _cBB |
||
| 999 |
_c26096 _d26068 |
||